Mathématiciens célèbres - Statistiques

Statistiques générales
  • Ce quiz a été pris 296 fois
  • Le résultat moyen est 8 sur 16
Statistiques - réponses
Par images Réponse % Correct
Isaac Newton
85%
René Descartes
81%
Cédric Villani
80%
Carl Friedrich Gauss
77%
Leonhard Euler
67%
Srinivasa Ramanujan
62%
Évariste Galois
54%
Bernhard Riemann
53%
Terence Tao
51%
Grigori Perelman
46%
Pierre de Fermat
40%
Blaise Pascal
39%
Gottfried Wilhelm Leibniz
39%
Augustin Louis Cauchy
28%
Alexandre Grothendieck
14%
John Forbes Nash
13%
Aucun quiz correspondant
Distribution des résultats
% des personnes avec chaque résultat
Percentile par nombre de réponses
Votre historique - résultats
Vous n’avez pas pris ce quiz